Jeder Simpsons-Charakter - Statistiken

Allgemein
  • Dieses Quiz wurde 492 mal gespielt
    468 seit der letzten Aktualisierung
  • Das Durchschnittsergebnis liegt bei 20 aus 174
Antwortstatistiken
Anfangsbuchstabe Charakter % Korrekt
H Homer Simpson
96%
L Lisa Marie Simpson
95%
B Bart Simpson
94%
M Marjorie Jaqueline "Marge" Simpson
93%
M Margaret „Maggie“ Simpson
89%
M Morris "Moe" Szyslak
72%
M Milhouse Mussolini Van Houten
64%
M Milhouse (Shelbyville)
64%
A Abraham Jebediah Simpson
62%
A Apu Nahasapeemapetilon
62%
L Lenny Leonard
62%
C Carl Carlson
61%
H Herschel Krustofski
61%
B Barnie Gumble
60%
N Ned Flanders
54%
C Charles Montgomery Burns
53%
N Nelson Muntz
52%
S Selma Bouvier
49%
N Nedward Flanders
48%
C Clancy Wiggum
46%
P Patty Bouvier
38%
R Ralph Wiggum
38%
R Robert "Bob" Underdunk Terwilliger, Jr.
38%
K Knecht Ruprecht
26%
H Hausmeister Willie
24%
M Martin Prince, Jr.
23%
R Rod Flanders
23%
K Kent Brockman
22%
L Lou
22%
M Maude Flanders
20%
M Mona Simpson
20%
H Howland Simpson
17%
I Itchy
17%
J Jimbo Jones
17%
K Kirk van Houten
16%
S Scratchy
16%
E Edna Krabappel
15%
A Anthony D'Amico
13%
H Helen Lovejoy
13%
A Agnes Skinner
12%
C Cletus Spuckler
11%
D Dolph Starbeam
10%
E Eddie
10%
J Julius Hibbert
10%
K Kearney Zzyzwicz Jr.
9%
K Kearney Zzyzwicz Sr.
9%
H Herbert Powell
7%
L Luann van Houten
7%
D Disco Stu
6%
J Jeff Albertson
6%
J John Frink III
6%
J John Frink Sr.
6%
O Otto Mann
6%
H Hans Maulwurf
5%
J Jebediah Springfield aka Jebediah Obadiah Zachariah Jedediah Springfield (* 1774), eigentlich Hans Sprungfeld
5%
K Kang
5%
L Larry
5%
A Abernathy, Eleanor (Katzenlady)
4%
C Cyrus Simpson
4%
G Gil Gunderson
4%
H Hugo Jr. Simpson
4%
J Jasper Beardley
4%
K Kodos
4%
B Bernice Hibbert
3%
C Charlie
3%
E Elizabeth Hoover
3%
H Herman Hermann
3%
J Jacqueline Bouvier
3%
J Joseph Fitzpatrick Fitzgerald Fitzhenry „Diamond“ Quimby
3%
L Lionel Hutz
3%
M Melvin Van Horne
3%
S Sam
3%
S Shauna
3%
A Arnie Gumble
2%
B Bill Simpson (Onkel Bill)
2%
G Gary Chalmers
2%
M Mary Spuckler
2%
R Radioactive Man
2%
R Rainier Wolfcastle
2%
R Richard
2%
A Abbie
1%
A Alaska Nebraska
1%
A Alice Glick
1%
A Aristotle Amadopolis
1%
A Arthur Bouvier
1%
B Barb Simpkins
1%
B Beatrice Simmons
1%
B Becky
1%
B Boobarella
1%
B Brandine Spuckler
1%
C Chet Simpson
1%
C Clancy Bouvier
1%
C Cookie Kwan
1%
D Dewey Largo
1%
D Drederick Tatum
1%
M Dr. Marvin Monroe
1%
H Hubert Simpson
1%
H Hyman Krustofski
1%
J Jacques Brunswick
1%
J Janey Powell
1%
J Jenny
1%
M Manjula Nahasapeemapetilon
1%
M Martha Prince
1%
M Mrs. Muntz
1%
M Mrs. Smithers
1%
N Norbert "Zack" van Houten
1%
R Richter
1%
R Ruth Powers
1%
S Sheldon Skinner
1%
B Bart Simpson Jr.
0%
B Boris Simpson
0%
C Cecile Shapiro
0%
C Chuck Muntz
0%
C Colonel Burns
0%
C Cypress Creek Milhouse
0%
D Dave Shutton
0%
D Devan Woosterfield
0%
J Dr. J. Loren Pryor
0%
N Dr. Nicholas Riviera
0%
E Edwina
0%
E Ethan Foley
0%
F FBI-Agent 1
0%
G George Burns
0%
G Gomer Simpkins
0%
G Großmutter Flanders
0%
G Guy Incognito
0%
H Homers Doppelgängerin
0%
H Horatio McCallister
0%
I Iggy Wiggum
0%
J Jaffee
0%
J Jenda
0%
J Jeremy Peterson
0%
J Johnatan "John" I.Q. Neidelbaum Frink, Jr.
0%
L Larry Burns
0%
L Laura Powers
0%
L Lee Simpkins
0%
L Lewis Clark
0%
L Lily Bancroft
0%
L Lindsey Naegle
0%
L Ling Bouvier
0%
L Lou Simpson
0%
R Luigi Risotto
0%
L Lurleen Lumpkin
0%
M Melissa
0%
M Mervin Monroe
0%
M Milhoose
0%
M Mr. Jones
0%
M Mr. Krabappel
0%
M Mr. Mackleberry
0%
M Mr. Muntz
0%
M Mr. Powell
0%
M Mrs. MacMoran
0%
M Mrs. Powell
0%
M Mr. Starbeam
0%
M Mr. Winfield
0%
M Mr. Zzyzwicz
0%
M Ms. Albright
0%
M Ms. Mellon
0%
N Nana Sophie Van Houten
0%
N/O nospmnospminospmiSddldlalnospmiS swalddlaw SimpsonpmiS Oswaldlaws[[ Orville Jay Simpson
0%
P Pedro Chespirito
0%
P Phil Spuckler
0%
R Reicher Texaner
0%
R Reilly Muntz
0%
R Roy Snyder
0%
S Scott Christian
0%
S Shary Bobbins
0%
S Shauna Tifton
0%
S Shelbyville Lisa
0%
S Shelbyville Manhattan
0%
S Shelbyville Martin
0%
S Shelbyville Nelson
0%
S Sherri Mackleberry
0%
S Simon Woosterfield
0%
Keine übereinstimmenden Quizze gefunden
Verteilung der Resultate
Anzahl Personen mit jedem Resultat
Perzentil nach korrekt beantworteten Fragen
Ihre Resultats-Entwicklung
Sie haben dieses Quiz seit der letzten Aktualisierung nicht gespielt